000 00374nam a2200169Ia 4500
005 20250423100403.0
008 250422s9999 xx 000 0 und d
020 _a9780231331
050 _aKP 107 .O5/
100 _aOmorogbe, Yinka
245 0 _aoIL AND gAS in NIGERIA
260 _aLagos
260 _bMalthousei
260 _c2001
300 _a208 p
942 _cBK
999 _c33154
_d33154